00387nam a2200157Ia 45000010006000000050017000060080041000230410008000640820016000721000027000882450056001152600009001713000033001806500008002136540008002211394020260306164838.0260306t2000||||xx |||||||||||||| ||spa|| aESP a005.73bW42 aWeiss, Mark AlleneAUT 0aEstructura de datos en Java:bcompatible con Java 2 c2000 axxx, 776 páginas :c25 cm. aGEN aCCC